The translation studies reader
Saved in:
| Hovedforfatter: | |
|---|---|
| Format: | Bog |
| Sprog: | engelsk |
| Udgivet: |
Londres
Routledge
2012
|
| Udgivelse: | 3a. ed |
| Fag: | |
| Tags: |
Tilføj Tag
Ingen Tags, Vær først til at tagge denne postø!
|
MARC
| LEADER | 00000cam a2200000 a 4500 | ||
|---|---|---|---|
| 001 | UCD6715 | ||
| 003 | CL-VaPUC | ||
| 008 | 170113e20120000uk |||||||||||||||||eng|d | ||
| 020 | |a 9780415613484 | ||
| 082 | 0 | 4 | |a 418.02 |b VEN |2 21 |
| 100 | 0 | |a Venuti, Lawrence |e author |9 590527 | |
| 245 | 1 | 4 | |a The translation studies reader |
| 250 | |a 3a. ed | ||
| 300 | |a 546 p | ||
| 942 | |c BK | ||
| 945 | |d 20170113 07:29:00 |a dcastane | ||
| 260 | |a Londres |b Routledge |c 2012 | ||
| 650 | 0 | |a Traducción e interpretación |9 315998 | |
| 650 | 0 | |a Sociolingüística |9 263716 | |
| 650 | 0 | |a Lingüística aplicada |9 313266 | |
| 583 | |a last modification |c 20170113 07:29:00 |k Rodrigo Vera | ||
| 999 | |c 366912 |d 366910 | ||
| 952 | |0 0 |1 0 |3 erb |4 0 |6 418_020000000000000_VEN_2012 |7 0 |8 A |9 481549 |a BIBEDU |b BIBEDU |i 5359546 |o 418.02 VEN 2012 |p 5359546 |r 2019-11-24 |w 2019-11-24 |y BK |z Catalogado en:20170113 |k CIT | ||